000 00489nam a2200145Ia 4500
008 100122s9999 xx 000 0 und d
082 _b52670
_a923.273
100 _aआठवले सदाशिव
245 _aजॉर्ज वॉशिंग्टन
260 _bगोकुळ मासिक प्रकाशन
_c1996
300 _a211
630 _aजॉर्ज वॉशिंग्टन
730 _aजॉर्ज वॉशिंग्टन
942 _cBOOK
999 _c429838
_d429835